In the name of love : an insight in thrue Flishers
| Main Author: | Ramli Ibrahim |
|---|---|
| Published: |
London:
Skoob Books,
1993.
|
| Subjects: |
| LEADER | 00477cam a2200157 7i4500 | ||
|---|---|---|---|
| 001 | 0000048103 | ||
| 005 | 20241128090000.0 | ||
| 020 | |a 1871438241 | ||
| 090 | 0 | 0 | |a PL5137 |b .R36 1993 |
| 100 | 0 | |a Ramli Ibrahim | |
| 245 | 1 | 0 | |a In the name of love : |b an insight in thrue Flishers |c Ramli Ibrahim. |
| 260 | |a London: |b Skoob Books, |c 1993. | ||
| 300 | |a 78 p. | ||
| 500 | |a Gift: Zainol Ahmad Resource Center | ||
| 650 | 0 | 0 | |a Malay drama |
| 999 | |a 0000067490 |b BOK |c OPEN SHELF |e 1st Floor, Bestari Jaya | ||


